000 00980nam a22003137a 4500
003 CHAP
005 20220329134845.0
008 971013s1970 r 00010 d
010 _a27018
011 _a27990
035 _a32091
040 _cCHAP
082 _a658.054
_bL3Y
100 0 0 _aLaden, H. N.
_964359
245 _aDiseño de sistemas de computación
260 _aMéxico :
_bLimusa-Wiley,
_c1970
300 _a364 p.
590 _aBATCH-UPD
_b10
_c20130110
_lUCH01
_h1740
590 _aBATCH-UPD
_b10
_c20130410
_lUCH01
_h1119
590 _aBATCH-UPD
_b10
_c20130914
_lUCH01
_h0350
590 _aCONVERSION
_b10
_c20130109
_lUCH01
_h1316
650 1 4 _aAnálisis de sistemas.
_95976
650 1 4 _aComputación.
_926122
650 1 4 _aProcesamiento automático de datos en administración de empresas.
_991748
700 0 _aGildersleeve, Thomas R.
_947988
901 _aBK
942 _cLIBRO
949 _a658.054 L3Y
_bBC
_cLIBRO
_d33724000099156
_eLIBRO
_h38362
_i32091
_si
999 _c27018
_d27018